000 00364nam a22001577a 4500
005 20160521105107.0
008 160521b xxu||||| |||| 00| 0 eng d
041 _aeng
082 _b3700
100 _aOP Klaure
_9928
245 _aAtext book of Founday technology
260 _bPlam Raipur
300 _a875
650 _aDIPLOMA ENGINEERING
_9817
942 _cBK
999 _c1268
_d1268